000 00691nam a2200205Ia 4500
003 GCL
008 140319s9999 xx 000 0 ara d
040 _aGCL /
_cGCL
082 0 4 _a823
_bهـ ح
100 1 _aهيمنجواى ,ارنست
245 1 0 _aحاضرة الدنيا /
_cهيمنجواى ,ارنست
260 _aالقاهرة :
_bدار الهلال للطباعة والنشر ،
_c1986
300 _a146ص ؛
_c20 سم
490 _aروايات الهلال
_v0
650 0 4 _aالادب
650 0 4 _aالادب الانجليزى
650 0 4 _aالادب الانجليزى المترجم
650 0 4 _aالقصص العالمية المترجمة
942 _2ddc
_cBK
999 _c42386
_d42386